Statistiken für Länder, die Italien am Nächsten Liegen

Klicken Sie hier um das Quiz zu spielen!

Allgemein

  • Dieses Quiz wurde 4.351 mal gespielt
  • Das Durchschnittsergebnis liegt bei 17 aus 20

Antwortstatistiken

KmLand% Korrekt
0Schweiz
99%
0Österreich
99%
0Frankreich
98%
45Deutschland
97%
12Kroatien
95%
0Slowenien
94%
0Vatikanstadt
94%
0San Marino
92%
78Griechenland
90%
81Malta
90%
68Liechtenstein
89%
153Bosnien und Herzegowina
87%
8Monaco
86%
73Albanien
86%
188Ungarn
79%
174Montenegro
78%
71Tunesien
75%
218Tschechien
72%
214Algerien
70%
204Nordmazedonien
67%

Verteilung der Resultate

Perzentil nach korrekt beantworteten Fragen

Anzahl Personen mit jedem Resultat

Ihre Resultats-Entwicklung

Sie haben dieses Quiz noch nicht gespielt